<?xml version="1.0" encoding="UTF-8"?>
<record
    xmlns:xsi="http://www.w3.org/2001/XMLSchema-instance"
    xsi:schemaLocation="http://www.loc.gov/MARC21/slim http://www.loc.gov/standards/marcxml/schema/MARC21slim.xsd"
    xmlns="http://www.loc.gov/MARC21/slim">

  <leader>00691nam a22001577a 4500</leader>
  <controlfield tag="003">OSt</controlfield>
  <controlfield tag="005">20150915160738.0</controlfield>
  <controlfield tag="008">150915b        xxu||||| |||| 00| 0 eng d</controlfield>
  <datafield tag="040" ind1=" " ind2=" ">
    <subfield code="c">RUA</subfield>
  </datafield>
  <datafield tag="082" ind1=" " ind2=" ">
    <subfield code="a">AGR SUN 1999 BOO25 Or.1</subfield>
  </datafield>
  <datafield tag="100" ind1=" " ind2=" ">
    <subfield code="9">539</subfield>
    <subfield code="a">SUN, CHAMRAUN</subfield>
  </datafield>
  <datafield tag="245" ind1=" " ind2=" ">
    <subfield code="a">Oil palm estate manageent of mong reththy invesment cambodia oil palm co.,ltd,( &#x1780;&#x17B6;&#x179A;&#x1782;&#x17D2;&#x179A;&#x1794;&#x17CB;&#x1782;&#x17D2;&#x179A;&#x1784;&#x178A;&#x17C6;&#x178E;&#x17B6;&#x17C6;&#x1785;&#x17C6;&#x1780;&#x17B6;&#x179A;&#x178A;&#x17BC;&#x1784;&#x1794;&#x17D2;&#x179A;&#x17C1;&#x1784;&#x200B;&#x179A;&#x1794;&#x179F;&#x17CB;&#x1780;&#x17D2;&#x179A;&#x17BB;&#x1798;&#x17A0;&#x17CA;&#x17BB;&#x1793;&#x1798;&#x17C9;&#x1784;&#x17CB;&#x179A;&#x17B7;&#x1791;&#x17D2;&#x1792;&#x17B8;&#x179C;&#x17B7;&#x1793;&#x17B7;&#x1799;&#x17C5;&#x1782;&#x1791;&#x17BB;&#x1793;&#x178A;&#x17C6;&#x178E;&#x17B6;&#x17C6;&#x178A;&#x17BC;&#x1784;&#x1794;&#x17D2;&#x179A;&#x17C1;&#x1784;&#x179B;&#x1798;&#x17D2;&#x1796;&#x17BB;&#x1787;&#x17B6;)</subfield>
  </datafield>
  <datafield tag="260" ind1=" " ind2=" ">
    <subfield code="a">phnom phen</subfield>
    <subfield code="b">RUA</subfield>
    <subfield code="c">1999</subfield>
  </datafield>
  <datafield tag="300" ind1=" " ind2=" ">
    <subfield code="a">51p.</subfield>
    <subfield code="b">ill.</subfield>
    <subfield code="c">29cm.</subfield>
  </datafield>
  <datafield tag="942" ind1=" " ind2=" ">
    <subfield code="2">ddc</subfield>
    <subfield code="c">AGR</subfield>
  </datafield>
  <datafield tag="999" ind1=" " ind2=" ">
    <subfield code="c">517</subfield>
    <subfield code="d">517</subfield>
  </datafield>
  <datafield tag="952" ind1=" " ind2=" ">
    <subfield code="0">0</subfield>
    <subfield code="1">0</subfield>
    <subfield code="2">ddc</subfield>
    <subfield code="4">0</subfield>
    <subfield code="6">AGR_SUN_1999_000000000000000_BOO25_OR_1</subfield>
    <subfield code="7">0</subfield>
    <subfield code="9">2460</subfield>
    <subfield code="a">LBB</subfield>
    <subfield code="b">LBB</subfield>
    <subfield code="c">B025</subfield>
    <subfield code="d">2015-09-15</subfield>
    <subfield code="l">1</subfield>
    <subfield code="o">AGR SUN 1999 BOO25 Or.1</subfield>
    <subfield code="p">RUA005072</subfield>
    <subfield code="r">2016-08-02</subfield>
    <subfield code="s">2016-07-10</subfield>
    <subfield code="w">2015-09-15</subfield>
    <subfield code="y">AGR</subfield>
  </datafield>
  <datafield tag="952" ind1=" " ind2=" ">
    <subfield code="0">0</subfield>
    <subfield code="1">0</subfield>
    <subfield code="2">ddc</subfield>
    <subfield code="4">0</subfield>
    <subfield code="6">AGR_SUN_1999_000000000000000_BOO25_OR_2</subfield>
    <subfield code="7">0</subfield>
    <subfield code="9">2461</subfield>
    <subfield code="a">LBB</subfield>
    <subfield code="b">LBB</subfield>
    <subfield code="c">B025</subfield>
    <subfield code="d">2015-09-15</subfield>
    <subfield code="l">2</subfield>
    <subfield code="o">AGR SUN 1999 BOO25 Or.2</subfield>
    <subfield code="p">RUA005144</subfield>
    <subfield code="r">2018-08-03</subfield>
    <subfield code="s">2018-07-24</subfield>
    <subfield code="w">2015-09-15</subfield>
    <subfield code="y">AGR</subfield>
  </datafield>
  <datafield tag="952" ind1=" " ind2=" ">
    <subfield code="0">0</subfield>
    <subfield code="1">0</subfield>
    <subfield code="2">ddc</subfield>
    <subfield code="4">0</subfield>
    <subfield code="6">AGR_SUN_1999_000000000000000_BOO25_OR_3</subfield>
    <subfield code="7">0</subfield>
    <subfield code="9">2462</subfield>
    <subfield code="a">LBB</subfield>
    <subfield code="b">LBB</subfield>
    <subfield code="c">B025</subfield>
    <subfield code="d">2015-09-15</subfield>
    <subfield code="l">5</subfield>
    <subfield code="o">AGR SUN 1999 BOO25 Or.3</subfield>
    <subfield code="p">RUA005216</subfield>
    <subfield code="r">2022-09-06</subfield>
    <subfield code="s">2022-07-25</subfield>
    <subfield code="w">2015-09-15</subfield>
    <subfield code="y">AGR</subfield>
  </datafield>
  <datafield tag="952" ind1=" " ind2=" ">
    <subfield code="0">0</subfield>
    <subfield code="1">0</subfield>
    <subfield code="2">ddc</subfield>
    <subfield code="4">0</subfield>
    <subfield code="6">AGR_SUN_1999_000000000000000_BOO25_OR_4</subfield>
    <subfield code="7">0</subfield>
    <subfield code="9">2463</subfield>
    <subfield code="a">LBB</subfield>
    <subfield code="b">LBB</subfield>
    <subfield code="c">B025</subfield>
    <subfield code="d">2015-09-15</subfield>
    <subfield code="l">5</subfield>
    <subfield code="o">AGR SUN 1999 BOO25 Or.4</subfield>
    <subfield code="p">RUA004057</subfield>
    <subfield code="r">2022-09-21</subfield>
    <subfield code="s">2022-09-06</subfield>
    <subfield code="w">2015-09-15</subfield>
    <subfield code="y">AGR</subfield>
  </datafield>
</record>
